Normal view
MARC view
Entry Personal Name
001 - CONTROL NUMBER
- control field: 63985
003 - CONTROL NUMBER IDENTIFIER
- control field: dpl
005 - DATE AND TIME OF LATEST TRANSACTION
- control field: 20240327125009.0
008 - FIXED-LENGTH DATA ELEMENTS
- fixed length control field: 240327|| aca||aabn | a|a d
040 ## - CATALOGING SOURCE
- Original cataloging agency: dpl
- Transcribing agency: dpl
100 ## - HEADING--PERSONAL NAME
- Personal name: Mishra, S.S
670 ## - SOURCE DATA FOUND
- Source citation: Work cat.: (dpl)201553: Kailash Chandra 63984, Faunal Diversity Of Mangrove Ecosystem In India/, 2019
